OLYMPIKER ITIKATHA (Record no. 2050)
[ view plain ]
| 000 -LEADER | |
|---|---|
| fixed length control field | 00406cam a2200169ua 4500 |
| 008 - FIXED-LENGTH DATA ELEMENTS--GENERAL INFORMATION | |
| fixed length control field | 190406n II |||gr||||Z||||||ben |
| 040 ## - CATALOGING SOURCE | |
| Original cataloging agency | MAIN |
| 041 ## - LANGUAGE CODE | |
| -- | English |
| 082 ## - DEWEY DECIMAL CLASSIFICATION NUMBER | |
| Classification number | 796 SEN |
| 100 ## - MAIN ENTRY--PERSONAL NAME | |
| Personal name | SENGUPTA , SANTIRANJAN. |
| 245 ## - TITLE STATEMENT | |
| Title | OLYMPIKER ITIKATHA |
| 260 ## - PUBLICATION, DISTRIBUTION, ETC. | |
| Place of publication, distribution, etc. | KOLKATA: |
| Name of publisher, distributor, etc. | BIDYODAYA, |
| Date of publication, distribution, etc. | 1960. |
| 300 ## - PHYSICAL DESCRIPTION | |
| Extent | 650: |
| Dimensions | 20CM. |
| 942 ## - ADDED ENTRY ELEMENTS (KOHA) | |
| Koha item type | Books |
| 653 ## - INDEX TERM--UNCONTROLLED | |
| Uncontrolled term | Athletic & outdoor sports & games |
| Withdrawn status | Lost status | Damaged status | Not for loan | Collection code | Home library | Current library | Shelving location | Date acquired | Full call number | Barcode | Date last seen | Copy number | Price effective from | Koha item type |
|---|---|---|---|---|---|---|---|---|---|---|---|---|---|---|
| General Reference | Central Library and Information Centre Sibsagar Girls College | Central Library and Information Centre Sibsagar Girls College | Sports Journalism Library sc | 20.06.1970 | 796 SEN | 02324 | 27.02.2020 | 1 | 27.02.2020 | Books |